| 000 | 03636cam a2200469 a 4500 | ||
|---|---|---|---|
| 001 | 14646383 | ||
| 003 | ARRUPE | ||
| 005 | 20140809020005.0 | ||
| 008 | 061127s2007 enk b 001 0 eng | ||
| 010 | _a 2006039243 | ||
| 015 |
_aGBA747271 _2bnb |
||
| 016 | 7 |
_a013772642 _2Uk |
|
| 020 | _a9780521452502 (hardback : alk. paper) | ||
| 020 | _a0521452503 (hardback : alk. paper) | ||
| 035 | _a(OCoLC)ocm76937297 | ||
| 035 | _a(OCoLC)76937297 | ||
| 040 |
_aDLC _cDLC _dBAKER _dBTCTA _dUKM _dBWKUK _dYDXCP _dDLC |
||
| 041 | 1 |
_aeng _hger |
|
| 050 | 0 | 0 |
_aB2758 _b.G75 2007 |
| 082 | 0 | 0 |
_a193 _222 |
| 100 | 1 |
_aKant, Immanuel, _d1724-1804. _96395 |
|
| 240 | 1 | 0 |
_aWorks. _kSelections. _lEnglish. _f2007 |
| 245 | 1 | 0 |
_aAnthropology, history, and education / _cedited by Günter Zöller, Robert B. Louden ; translated by Mary Gregor ... [et al.]. |
| 260 |
_aCambridge, UK ; _aNew York : _bCambridge University Press, _c2007. |
||
| 300 |
_axvi, 597 p. ; _c24 cm. |
||
| 490 | 1 | _aCambridge edition of the works of Immanuel Kant in translation | |
| 504 | _aIncludes bibliographical references (p. 565-583) and index. | ||
| 505 | 0 | _aObservations on the feeling of the beautiful and sublime (1764) / translated by Paul Guyer -- Essay on the maladies of the head (1764) / translated by Holly Wilson -- Review of Moscati's work Of the corporeal essential differences between the structure of animals and humans (1771) / translated by Günter Zöller -- Of the different races of human beings (1775) / translated by Holly Wilson and Günter Zöller -- Essays regarding the Philanthropinum (1776-1777) / translated by Robert B. Louden -- A note to physicians (1782) / translated by Günter Zöller -- Idea for a universal history with a cosmopolitan aim (1784) / translated by Allen W. Wood -- Review of J.G. Herder's Ideas for the philosophy of the history of humanity. Parts 1 and 2 (1785) / translated by Allen W. Wood -- Determination of the concept of a human race (1785) / translated by Holly Wilson and Günter Zöller -- Conjectural beginning of human history (1786) / translated by Allen W. Wood -- Some remarks on Ludwig Heinrich Jakob's Examination of Mendelssohn's morning hours (1786) / translated by Günter Zöller -- On the philosophers' medicine of the body (1786) / translated by Mary Gregor -- On the use of teleological principles in philosophy (1788) / translated by Günter Zöller -- From Soemmerring's On the organ of the soul (1796) / translated by Arnulf Zweig -- Anthropology from a pragmatic point of view (1798) / translated by Robert B. Louden -- Postscript to Christian Gottlieb Mielcke's Lithuanian-German and German-Lithuanian dictionary (1800) / translated by Günter Zöller -- Lectures on pedagogy (1803) / translated by Robert B. Louden. | |
| 546 | _aTranslated from the German. | ||
| 650 | 0 |
_aHuman beings. _96396 |
|
| 650 | 0 |
_aHistory _xPhilosophy. _96397 |
|
| 650 | 0 |
_aEducation _xPhilosophy. _96398 |
|
| 700 | 1 |
_aZöller, Günter, _d1954- _96399 |
|
| 700 | 1 |
_aLouden, Robert B., _d1953- _96400 |
|
| 800 | 1 |
_aKant, Immanuel, _d1724-1804. _tWorks. _lEnglish. _f1992. _96401 |
|
| 856 | 4 | 2 |
_3Publisher description _uhttp://www.loc.gov/catdir/enhancements/fy0616/2006039243-d.html |
| 856 | 4 | 1 |
_3Table of contents only _uhttp://www.loc.gov/catdir/enhancements/fy0616/2006039243-t.html |
| 856 | 4 | 2 |
_3Contributor biographical information _uhttp://www.loc.gov/catdir/enhancements/fy0729/2006039243-b.html |
| 906 |
_a7 _bcbc _corignew _d1 _eecip _f20 _gy-gencatlg |
||
| 942 |
_2lcc _cMONOGRAPH _02 |
||
| 999 |
_c119468 _d119468 |
||